| 000 | 01398cab a2200253 4500 | ||
|---|---|---|---|
| 001 | X124746 | ||
| 008 | 040107n2003 000 0 eng u | ||
| 035 | _a(Sirsi) u124746 | ||
| 245 | _aJosie Rowland v Environment Agency | ||
| 260 | _c2003 | ||
| 490 |
_aWeekly Law Reports _v[2004] 3 WLR 249-304(56) |
||
| 520 | _a[2003] EWCA Civ 1885, 19 December 2003. Appeal against HC decision ([2002] EWCH 2785 (Ch), X121051) by appellant (R) which held that public navigation rights existed over a stretch of the River Thames known as Hedsor Water and that the defendant (E) was entitled to perform its statutory functions with respect to Hedsor Water. CA upheld HC decision but noted that in exercising its public functions in respect of Hedsor Water, E should take into account the common assumption prior to to November 2000 that it was private. Appeal dismissed. | ||
| 590 | _aABS | ||
| 650 | _aROWLAND V ENVIRONMENT AGENCY | ||
| 650 | _aRIPARIAN RIGHTS | ||
| 650 | _aTHAMES PRESERVATION ACT 1885 | ||
| 650 | _aHEDSOR WATER | ||
| 650 | _aHUMAN RIGHTS ACT 1998 | ||
| 650 | _aPUBLIC RIGHT OF NAVIGATION | ||
| 650 | _aRIVER THAMES | ||
| 690 | _aPROPERTY AND LAND LAW-CASE LAW | ||
| 856 |
_uhttps://www.bailii.org/cgi-bin/markup.cgi?doc=/ew/cases/EWCA/Civ/2003/1885.html&query=Josie+and+Rowland+and+v+and+Environment+and+Agency&method=boolean _zView the case at www.bailii.org |
||
| 942 | _n0 | ||
| 999 |
_c74035 _d74035 |
||